Online
Catalog

Diccionario diplomático Iberoamericano / (Record no. 43416)

MARC details
000 -CABECERA
campo de control de longitud fija 00851nam a2200217 a 4500
001 - NÚMERO DE CONTROL
campo de control 000043927
005 - FECHA Y HORA DE LA ÚLTIMA TRANSACCIÓN
campo de control 20201002045040.0
008 - DATOS DE LONGITUD FIJA--INFORMACIÓN GENERAL
campo de control de longitud fija 140509s1993 sp 000 0 spa d
020 ## - NÚMERO INTERNACIONAL ESTÁNDAR DEL LIBRO
Número Internacional Estándar del Libro 8472324095
040 ## - FUENTE DE LA CATALOGACIÓN
Centro catalogador/agencia de origen DO-SdBNP
Lengua de catalogación spa
Centro/agencia transcriptor BNPHU
082 ## - NÚMERO DE LA CLASIFICACIÓN DECIMAL DEWEY
Número de clasificación R327.203
Número de documento/Ítem M385d
100 1# - ENTRADA PRINCIPAL--NOMBRE DE PERSONA
Nombre de persona Martínez Lage, Santiago
Fechas asociadas al nombre 1946-
9 (RLIN) 71850
245 10 - MENCIÓN DE TÍTULO
Título Diccionario diplomático Iberoamericano /
Mención de responsabilidad, etc. Santiago Martínez Lage, Amador Martínez Morcillo.
260 ## - PUBLICACIÓN, DISTRIBUCIÓN, ETC.
Lugar de publicación, distribución, etc. Madrid :
Nombre del editor, distribuidor, etc. Instituto de Cooperación Iberoamericana,
Fecha de publicación, distribución, etc. 1993.
300 ## - DESCRIPCIÓN FÍSICA
Extensión 249 p. ;
Dimensiones 22 cm.
500 ## - NOTA GENERAL
Nota general Incluye datos biográficos del autor en al solapa de la cubierta
650 #4 - PUNTO DE ACCESO ADICIONAL DE MATERIA--TÉRMINO DE MATERIA
Término de materia o nombre geográfico como elemento de entrada Diplomacia
Subdivisión de forma DICCIONARIOS
9 (RLIN) 18194
650 #4 - PUNTO DE ACCESO ADICIONAL DE MATERIA--TÉRMINO DE MATERIA
Término de materia o nombre geográfico como elemento de entrada Relaciones internacionales
Subdivisión de forma DICCIONARIOS
9 (RLIN) 71851
650 #4 - PUNTO DE ACCESO ADICIONAL DE MATERIA--TÉRMINO DE MATERIA
Término de materia o nombre geográfico como elemento de entrada América latinana
Subdivisión general Relaciones exteriores
Subdivisión de forma TERMINOLOGÍA
9 (RLIN) 71852
700 1# - PUNTO DE ACCESO ADICIONAL--NOMBRE DE PERSONA
Nombre de persona Martínez Morcillo, Amador
9 (RLIN) 71853
Holdings
Estado de retiro Estado de pérdida Restricciones de uso No para préstamo Código de colección Localización permanente Ubicación/localización actual Ubicación en estantería Fecha de adquisición Número de inventario Total de préstamos Signatura topográfica completa Código de barras Fecha visto por última vez Precio válido a partir de Tipo de ítem Koha Número de copia
      Excluido de préstamo Monografías: Libros y Folletos General General Depósito 09.05.2014 LF1   R327.203 M385d 43927-10 25.06.2020 25.06.2020 No se presta  
      Excluido de préstamo Monografías: Libros y Folletos General General Depósito 12.05.2014 LF1   R327.203 M385d 43927-20 25.06.2020 25.06.2020 No se presta e. 2
  Extraviado     Monografías: Libros y Folletos General General Extraviado 15.05.2014 LF1   R327.203 M385d 43927-30 25.06.2020 25.06.2020 Préstamo en sala e. 3

Powered by Koha